| 000 | 00729cam a2200229 4500 | ||
|---|---|---|---|
| 001 | sa 68013827 | ||
| 003 | DLC | ||
| 005 | 20260227112626.0 | ||
| 008 | 691210s1964 ii b 00010 eng | ||
| 010 | _asa 68013827 //r882 | ||
| 025 | _aPL480:I-E-8300 | ||
| 050 | 0 |
_aQE295 _b.M44 |
|
| 100 | 1 | 0 |
_aMehta, D. R. S. _q(Dev Raj Singh), _d1917- |
| 245 | 1 | 0 |
_aGondwanas in India, _cby D. R. S. Mehta. |
| 260 | 0 |
_aNew Delhi, _c1964. |
|
| 300 |
_a21 p. _c23 cm. |
||
| 350 | _a2.00 | ||
| 500 | _aAt head of title: International Geological Congress, Twenty-second session, India, 1964. | ||
| 504 | _aBibliography: p. 19-21. | ||
| 650 | 0 |
_aGeology _zIndia. |
|
| 711 | 2 | 0 |
_aInternational Geological Congress _n(22nd : _d1964 : _cDelhi, India) |
| 999 |
_c85379 _d85379 |
||